000 00844 a2200445 4500
000 BKB
001 071687
005 20200902151042.0
008
010 _a
020 _a
082 _a548
_bS58I
100 1 _aSands, Donald E.
110 _a
245 1 _aIntroduction to crystallography
_cby Donald E. Sands
250 _a
260 _aMineola
_bDover Pub.
_c1993
300 _a165p.
490 _a
_v
500 _a
600 _a
610 _a
611 _a
630 _a
650 _a
651 _a
654 _a
690 _aCrystallography
700 _a
_b
_c
710 _a
_b
_c
711 _a
720 _a
730 _a
740 _a
752 _a
856 _a
_d
_f
904 _a
964 _a
_b
_c
_d
_e
_f
_g
965 _a
999 _c4971
_d4971